000 01213nam a2200289 i 4500
001 168800
003 ES-MaACL
005 20250808062730.0
008 080610s2007 sp |||| | spa d
020 _a978-84-7914-911-6
080 _a2:1Lluc,Ramón
100 0 _aRamón Llull,
_cBeato,
_dca. 1232-1316?
_995219
245 1 0 _aLibro del gentil y los tres sabios /
_cRaimundo Lulio ; estudio preliminar por Aurora Gutiérrez Gutiérrez y Paloma Pernil Alarcón ; texto, traducción y notas por Matilde Conde Salazar.
260 _aMadrid :
_bBiblioteca de Autores Cristianos :
_bUniversidad Nacional de Educación a Distancia,
_c2007.
300 _aXIV, 250, 541 p. ;
_c20 cm.
490 1 _aBiblioteca de autores cristianos ;
_v671
504 _aBibliografía.
546 _aTexto de la obra en latín y traducción en castellano.
600 0 4 _aRamón Llull,
_cBeato,
_dca. 1232-1316?
_995219
650 1 7 _aTeología
_2embne
_917457
650 0 7 _aReligión y filosofía
_2embne
_916811
700 1 _aGutiérrez Gutiérrez, Aurora.
_9137914
700 1 _aConde Salazar, Matilde.
_9137915
830 0 0 _aBiblioteca de autores cristianos
_v671
_9178679
852 _aES-MaACL
_jJ-658
999 _c168800
_d168800